LEADER 02342oas 2200913 a 450 001 9910136817603321 005 20260128110040.0 011 $a1839-4205 035 $a(DE-599)ZDB2386420-5 035 $a(OCoLC)182846224 035 $a(CONSER) 2008228633 035 $a(CKB)110978979783325 035 $a(DE-599)2386420-5 035 $a(EXLCZ)99110978979783325 100 $a20071205a19929999 sy a 101 0 $aeng 135 $aurun||||||||| 181 $ctxt$2rdacontent 182 $cc$2rdamedia 183 $acr$2rdacarrier 200 00$aGriffith law review /$fGriffith University, Griffith Law Review Association 210 $a[Nathan, Qld.] $cGriffith Law Review Association$d1992- 300 $aRefereed/Peer-reviewed 311 08$a1038-3441 517 1 $aGLR 517 1 $aGriffith L. Rev 606 $aLaw$zAustralia$vPeriodicals 606 $aLaw reviews$zAustralia 606 $aDroit$zAustralie$vPe?riodiques 606 $aRevues de droit$zAustralie 606 $aLaw$2fast$3(OCoLC)fst00993678 606 $aLaw reviews$2fast$3(OCoLC)fst00994120 607 $aAustralia$2fast$1https://id.oclc.org/worldcat/entity/E39QbtfRv8PPH7gCqhkJ8DK8bM 608 $aPeriodicals.$2fast 608 $aPeriodicals.$2lcgft 615 0$aLaw 615 0$aLaw reviews 615 6$aDroit 615 6$aRevues de droit 615 7$aLaw. 615 7$aLaw reviews. 676 $a348.94/05 676 $a349.40805 712 02$aGriffith Law Review Association 712 02$aGriffith University.$bLaw School. 712 02$aGriffith University.$bSocio-Legal Research Centre. 801 0$bOCLCS 801 1$bOCLCS 801 2$bOCLCS 801 2$bDOS 801 2$bOCLCQ 801 2$bOCLCO 801 2$bOCLCQ 801 2$bOCLCF 801 2$bOCLCO 801 2$bOCLCQ 801 2$bDLC 801 2$bCLL 801 2$bZSL 801 2$bMUQ 801 2$bGAO 801 2$bNLE 801 2$bUUM 801 2$bVT2 801 2$bOCLCO 801 2$bSFB 801 2$bOCLCQ 801 2$bTXQ 801 2$bQGK 801 2$bOCLCL 801 2$bUKBOL 801 2$bWT2 801 2$bUAB 801 2$bFIE 801 2$bOCLCL 906 $aJOURNAL 912 $a9910136817603321 996 $aGriffith law review$92419602 997 $aUNINA